| 000 | 01414cam a2200313 4500 | ||
|---|---|---|---|
| 008 | 000000n2003 000 0 eng u | ||
| 020 | _a0415306310 | ||
| 035 | _a(Sirsi) u121699 | ||
| 050 |
_a692.8 _c18 |
||
| 100 | _aChappell, David | ||
| 245 | _aUnderstanding JCT standard building contracts. | ||
| 250 | _a7th ed. | ||
| 260 |
_aLondon _bE & F N Spon _c2003 |
||
| 300 |
_a147p. _c24cm |
||
| 350 | _a18.99 | ||
| 520 | _aProvides an expanded presentation of the Joint Contracts Tribunal standard contracts. The JCT Contract With Contractor's Design (WDC98) is now covered along with the other three major forms of contract in the JCT series: JCT98, IFC 98 and MW 98. An accessible reference tool, the text is arranged by topic. | ||
| 520 | _aSuperseded by eighth edition (L137549). | ||
| 520 | _aSupersedes previous edition (ISBN 0415231078) | ||
| 650 | _aJCT STANDARD FORM OF BUILDING CONTRACT WITH CONTRACTORS DESIGN (1998 EDITION) | ||
| 650 |
_aDISPUTE RESOLUTION _96236 |
||
| 650 | _aBUILT ENVIRONMENT-BUILDING CONTRACT FORMS | ||
| 650 | _aCLAIMS | ||
| 650 | _aJCT INTERMEDIATE FORM OF BUILDING CONTRACT FOR WORKS OF SIMPLE CONTENT (1998 EDITION) | ||
| 650 |
_aInsurance _96249 |
||
| 650 | _aJCT STANDARD FORM OF BUILDING CONTRACT (1998 EDITION) | ||
| 650 | _aJCT AGREEMENT FOR MINOR BUILDING WORKS (1998 EDITION) | ||
| 690 | _aBUILT ENVIRONMENT-BUILDING CONTRACT FORMS | ||
| 942 | _n0 | ||
| 999 |
_c102717 _d102717 |
||